Asymptotic expansions for ordinary differential equations /

Guardado en:
Autor Principal: Wasow, Wolfgang Richard, 1909-
Formato: Libro
Idioma:English
Publicado: Huntington, N.Y. : R. E. Kreiger Pub. Co., 1976 [c1965]
Materias:
Etiquetas: Agregar Etiqueta
Sin Etiquetas, Sea el primero en etiquetar este registro!
LEADER 00862pam a2200229 a 4500
001 MAT.inmabb005895
008 740826r1976####nyu######b####001#0#eng##
005 20130408175914.0
245 1 0 |a Asymptotic expansions for ordinary differential equations /  |c [by] Wolfgang Wasow. 
260 |a Huntington, N.Y. :  |b R. E. Kreiger Pub. Co.,  |c 1976 [c1965] 
300 |a ix, 374 p. ;  |c 24 cm. 
500 |a Reprint of the ed. published by Interscience Publishers, New York, which was issued as v. 14 of Pure and applied mathematics. 
504 |a Bibliografía: p. 353-367. 
510 4 |a MR,  |c 57 #812 
020 |a 0882751735 
100 1 |a Wasow, Wolfgang Richard,  |d 1909- 
650 0 |a Asymptotic expansions. 
650 0 |a Differential equations. 
084 |a 34-02 (34E05)  |2 msc2000 
010 |a  74013059  
040 |a DLC  |c DLC  |d DLC 
859 |h 34  |i W319  |p A-4574  |b BIB. MATEMATICA